| 000 | 01385cam a2200349 a 4500 | ||
|---|---|---|---|
| 001 | EDZ0000063936 | ||
| 003 | StDuBDS | ||
| 005 | 20161031105140.0 | ||
| 006 | m||||||||d|||||||| | ||
| 007 | cr ||||||||||| | ||
| 008 | 120326s1996 enk fo| 001|0|eng d | ||
| 020 |
_a9781446250532 (ebook) : _cNo price |
||
| 040 |
_aStDuBDS _beng _cStDuBDS _epn |
||
| 049 | _aAlfaisal Main Library | ||
| 050 | 0 |
_aB824.18 _b.C76 1996 |
|
| 082 | 0 | 4 |
_a126 _223 |
| 100 | 1 |
_aCrossley, Nick, _d1968- |
|
| 245 | 1 | 0 |
_aIntersubjectivity _h[electronic resource] : _bthe fabric of social becoming / _cNick Crossley. |
| 260 |
_aLondon : _bSAGE, _c1996. |
||
| 300 | _a1 online resource (ix, 188 p.) | ||
| 520 | 8 | _aThis critical discussion of intersubjectivity as an interdisciplinary subject sheds light on our understanding of selfhood, communication, citizenship, power and community. It traces the contributions of key thinking like Buber & Husserl. | |
| 521 | _aSpecialized. | ||
| 588 | _aDescription based on print version record. | ||
| 504 | _aIncludes bibliographical references and index. | ||
| 650 | 0 | _aIntersubjectivity. | |
| 650 | 0 | _aSocial psychology. | |
| 655 | 7 |
_aElectronic books. _2local |
|
| 710 | 2 | _aSage eBooks | |
| 776 | 0 | 8 |
_iPrint version : _z9780803979048 |
| 856 | 4 | 0 | _uhttp://ezproxy.alfaisal.edu/login?url=http://sk.sagepub.com/books/intersubjectivity |
| 942 |
_2lcc _cEBOOKS |
||
| 999 |
_c480358 _d480358 |
||